000
00281nam a2200121 a 4500
008
100910s1977|||| d
245
1
0
_a
Jennie Gerhardtová
100
1
_a
Dreiser, Theodore
260
_b
Tatran
_a
Bratislava
_c
1977
020
_c
95
044
_a
xo
_c
SK
041
_a
slo
999
_c
10273
_d
10273